[Event "Vrindavana MMT op"]
[Site "Mathura"]
[Date "2023.04.27"]
[Round "9"]
[White "Barik, Jagdish"]
[Black "Sparsh, Yadav"]
[Result "1-0"]
[WhiteElo "1709"]
[BlackElo "1567"]
[PlyCount "73"]
[EventDate "2023.04.23"]
[EventType "swiss"]
[EventRounds "9"]
[EventCountry "IND"]
[SourceTitle "CBM 213 Extra"]
[Source "ChessBase"]
[SourceDate "2023.05.31"]
[SourceVersion "1"]
[SourceVersionDate "2023.05.31"]
[SourceQuality "1"]

1. e4 c5 2. Nf3 g6 3. c3 Nf6 4. d3 Bg7 5. Be2 0-0 6. 0-0 Nc6 7. h3 d5 8. e5 Ne8 9. d4 cxd4 10. cxd4 f6 11. exf6 Nxf6 12. Nc3 Kh8 13. Bb5 Qd6 14. Re1 Bf5 15. Ne5 Ne4 16. Bxc6 Bxe5 17. dxe5 Qxc6 18. Qxd5 Nxc3 19. Qxc6 bxc6 20. bxc3 Rab8 21. Ba3 Rb7 22. Rad1 Be6 23. Rd2 Kg7 24. Re4 Rc8 25. Bc5 Rcc7 26. Ra4 Rb1+ 27. Kh2 Rc1 28. Rd3 Rc2 29. a3 Ra2 30. Bxa7 c5 31. Kg3 Re2 32. Re3 Rxe3+ 33. fxe3 Kf7 34. e4 Bd7 35. Ra5 c4 36. Bd4 Rb7 37. Ra6 1-0

[Event "Vrindavana MMT op"]
[Site "Mathura"]
[Date "2023.04.26"]
[Round "8"]
[White "Kumar, Gaurav"]
[Black "Barik, Jagdish"]
[Result "1-0"]
[WhiteElo "2021"]
[BlackElo "1709"]
[PlyCount "51"]
[EventDate "2023.04.23"]
[EventType "swiss"]
[EventRounds "9"]
[EventCountry "IND"]
[SourceTitle "CBM 213 Extra"]
[Source "ChessBase"]
[SourceDate "2023.05.31"]
[SourceVersion "1"]
[SourceVersionDate "2023.05.31"]
[SourceQuality "1"]

1. Nf3 Nf6 2. g3 e6 3. Bg2 c5 4. 0-0 d5 5. d3 Nc6 6. Nbd2 Be7 7. e4 0-0 8. Re1 Re8 9. e5 Nd7 10. Nf1 Nf8 11. h4 f6 12. exf6 Bxf6 13. Ne3 e5 14. Nh2 Be6 15. Neg4 Qd7 16. c3 Rad8 17. f4 Bf5 18. Nxf6+ gxf6 19. g4 Be6 20. f5 Bf7 21. g5 fxg5 22. Ng4 Kh8 23. Bxg5 h5 24. Bf6+ Kh7 25. Qd2 hxg4 26. Qg5 1-0

[Event "Hyderabad op 3rd"]
[Site "Hyderabad"]
[Date "2019.08.21"]
[Round "2"]
[White "Varun, V."]
[Black "Barik, Jagdish"]
[Result "1-0"]
[WhiteElo "2251"]
[BlackElo "1847"]
[PlyCount "95"]
[EventDate "2019.08.20"]
[EventType "swiss"]
[EventRounds "10"]
[EventCountry "IND"]
[SourceTitle "EXT 2020"]
[Source "ChessBase"]
[SourceDate "2019.10.17"]
[SourceVersion "1"]
[SourceVersionDate "2019.10.17"]
[SourceQuality "1"]

1. e4 e6 2. d4 d5 3. Bd3 Nf6 4. e5 Nfd7 5. c3 c5 6. Ne2 Nc6 7. a3 cxd4 8. cxd4 f6 9. exf6 Nxf6 10. Nbc3 Bd6 11. Bg5 0-0 12. Bc2 Bd7 13. Qd3 g6 14. h4 Be8 15. h5 Qd7 16. Bh6 Nxh5 17. Bxf8 Bxf8 18. f4 Nf6 19. Ng1 Bd6 20. g3 Qg7 21. Nf3 Bf7 22. Ne5 Rc8 23. Rd1 Be8 24. Rd2 Na5 25. Rdh2 Nc4 26. Nd1 Rc7 27. Bb1 Bb5 28. Qf3 Bc6 29. Qe2 Re7 30. Nf2 Bb5 31. Bd3 a6 32. g4 Bxe5 33. fxe5 Nd7 34. Rxh7 Qxh7 35. Rxh7 Kxh7 36. g5 Kg7 37. Ng4 Re8 38. Qc2 Rf8 39. a4 Rf4 40. Nf6 Rh4 41. Qg2 Nxb2 42. Bxb5 axb5 43. Nxd7 Re4+ 44. Kd2 bxa4 45. Qf2 Nc4+ 46. Kc1 a3 47. Qf8+ Kh7 48. Nf6# 1-0

[Event "Kendrapara Umar Ali Memorial"]
[Site "Kendrapara"]
[Date "2017.12.26"]
[Round "6"]
[White "Baivab, Mishra"]
[Black "Barik, Jagdish"]
[Result "1-0"]
[WhiteElo "2152"]
[BlackElo "1638"]
[PlyCount "113"]
[EventDate "2017.12.25"]
[EventType "swiss"]
[EventRounds "9"]
[EventCountry "IND"]
[SourceTitle "EXT 2019"]
[Source "ChessBase"]
[SourceDate "2018.10.10"]
[SourceVersion "1"]
[SourceVersionDate "2018.10.10"]
[SourceQuality "1"]

1. d4 Nf6 2. c4 e6 3. Nf3 b6 4. g3 Bb7 5. Bg2 Be7 6. 0-0 0-0 7. Nc3 d6 8. Qc2 Nbd7 9. Rd1 d5 10. Ne5 c6 11. e4 Rc8 12. Nxd7 Qxd7 13. e5 Ne8 14. cxd5 cxd5 15. Qb3 Ba6 16. h4 Nc7 17. Bg5 Bc4 18. Qc2 Nb5 19. Qa4 Bxg5 20. hxg5 Rfd8 21. Nxb5 Bxb5 22. Qb4 Be2 23. Rdc1 Bh5 24. Bf1 Rxc1 25. Rxc1 Rc8 26. Qa4 Qd8 27. Rxc8 Qxc8 28. Qxa7 Qd8 29. Qa3 g6 30. Qe3 Bd1 31. Bb5 Bc2 32. Qc1 Be4 33. Be2 h5 34. gxh6 g5 35. Bh5 Bd3 36. Qc6 Ba6 37. a4 Bc8 38. Qd6 Qxd6 39. exd6 Bd7 40. b3 f6 41. Be2 e5 42. Bb5 Bc8 43. d7 Bxd7 44. Bxd7 Kh7 45. b4 exd4 46. a5 bxa5 47. bxa5 Kxh6 48. a6 d3 49. a7 d2 50. Ba4 d4 51. a8Q d1Q+ 52. Bxd1 d3 53. Qg8 f5 54. f4 gxf4 55. gxf4 d2 56. Qh8+ Kg6 57. Bh5# 1-0